LEADER 01376nam a2200301 u 4500 001 000000079456 003 CaOOAMICUS 005 20070226123536.0 008 040604s2002 it u000 u ita u 020 $a88-221-0436-6 035 $a10997785 040 $aPUL$bita 100 1 $aBertolini, Piero,$d1931-$0(OLS)http://pul/name/9541 245 12$aL'esistere pedagogico :$bragioni e limiti di una pedagogia come scienza fenomenologicamente fondata /$cPiero Bertolini. 260 $aFirenze :$bLa Nuova Italia,$c2002. 300 $axi, 345 p. ;$c21 cm 490 1 $aEducatori antichi e moderni ;$v418 490 1 $aL'Enciclopaideia 650 4$aPedagogia.$0(OLS)http://pul/subject/1507 650 4$aFenomenologia.$0(OLS)http://pul/subject/1230 830 0$aEducatori antichi e moderni ;$v418.$0(OLS)http://pul/title/13529 830 2$aL'Enciclopaideia.$0(OLS)http://pul/title/104049 850 $aPUL 852 $aPUL$W1$xSL Diritto e Scienze Sociali 3$y79$m370 BERPI 1$j101666$nBK-PRI$qDDC 21$B101666$CPULBib$Z2$F101666 $HPUL94725 $82 941 1 $a9 996 $6020$a88-221-0436-6$9(OLS)http://pul/number/104470 996 $6245$aL'esistere pedagogico :$bragioni e limiti di una pedagogia come scienza fenomenologicamente fondata$9(OLS)http://pul/title/104048 996 $6260$aFirenze :$bLa Nuova Italia$9(OLS)http://pul/publisher/48361 LEADER 01465nam a2200313 a 4500 001 000000168104 003 CaOOAMICUS 005 20180611090850.0 008 180611s2018 it u000 u ita r 020 $z978-88-921-1372-5* 032 $aLibriCat 040 $aPUL$bita 100 1 $aSerra, Beatrice,$d1972-$0(OLS)http://pul/name/70231 245 10$aAd normam iuris :$bparadigmi della legalitą nel diritto canonico /$cBeatrice Serra ; prefazione di Gaetano Lo Castro. 260 $aTorino :$bGiappichelli,$c©2018. 300 $aXXIII, 298 p. ;$c23 cm. 490 1 $aCollana di studi di diritto canonico ed ecclesiastico.$aSezione canonistica ;$v45 500 $aContiene indici. 504 $aBibliografia in nota. 650 4$aDiritto canonico$xStudi.$0(OLS)http://pul/subject/689 700 1 $aLo Castro, Gaetano,$d1940-2024.$0(OLS)http://pul/name/3662 830 0$aCollana di studi di diritto canonico ed ecclesiastico.$pSezione canonistica ;$v45.$0(OLS)http://pul/title/11570 850 $aPUL 852 $aPUL$W1$xSL Diritto Canonico 3$y77$m262. 99 CAN.7 1.1.45$j191719$qDDC 21$B195926$CPULBib$Z2$F195926 $H130910 $82 941 1 $a9 996 $6020$z978-88-921-1372-5*$9(OLS)http://pul/number/164282 996 $6245$aAd normam iuris :$bparadigmi della legalitą nel diritto canonico$9(OLS)http://pul/title/208300 996 $6260$aTorino :$bGiappichelli$9(OLS)http://pul/publisher/48244